Metrologie : její vývoj a současnost

Salvato in:
Dettagli Bibliografici
Autori principali: Šindelář, Václav (Autore), Tůma, Zdeněk (Autore)
Natura: Libro
Lingua:ceco
Pubblicazione: Praha : Česká metrologická společnost, 2002
Soggetti:
Accesso online:OBSAH
Tags: Aggiungi Tag
Nessun Tag, puoi essere il primo ad aggiungerne!!

MARC

LEADER 00000nam a22000003a 4500
001 stu121151
005 20150617225914.6
008 060619s2002----xr------------------cze-d
040 |a STU  |b slo 
041 0 |a cze 
044 |a xr 
080 |a 006 
080 |a 389 
100 1 |a Šindelář, Václav  |4 aut 
245 1 |a Metrologie :  |b její vývoj a současnost 
260 |a Praha :  |b Česká metrologická společnost,  |c 2002 
300 |a 384 s 
650 7 |a metrológia  |2 stusub 
700 1 |a Tůma, Zdeněk  |4 aut 
856 4 |a https://sweb.mtf.stuba.sk/obsahy/metrologie_jeji_vyvoj_a_soucasnost_02  |u https://sweb.mtf.stuba.sk/obsahy/metrologie_jeji_vyvoj_a_soucasnost_02  |3 OBSAH 
996 |b 284M073423  |c M*11942-2  |l MMKN  |s A  |a 24  |w stu121151_0001 
996 |b 284M073422  |c M*11942-1  |l MMST  |s A  |a 24  |w stu121151_0002